00930nas a2200229Ia 4500001001300000003001000013008004100023040002500064041001300089100002200102210003100124222003100155245022000186250001100406260000900417501012300426300001600549362002700565500007100592650002600663700001100689dp1/2-33336 IT-MiCISF161014c99999999xx |||||||||||| ||und|| aIT-MiCISFcIT-MiCISF aITALIANO aGiovanni Paolo II aRivista diocesana milanese aRivista diocesana milanese 0aUn'invadente cultura individualista tende a circoscrivere e confinare il matrimonio e la famiglia nel mondo del privatobDiscorso al Tribunale della Rota romana, in occasione dell'inaugurazione dell'anno giudiziario a1a ed. c2001 bCISF - Centro Internazionale Studi Famiglia - Via Giotto, 36 20145 MILANO (non commercial uses only)cCopyright 2016 app. 214-220 a n. 2, febbraio [2001] a Tema: matrimonio-sacramento, famiglia, società, chiesa, cultura amatrimoniovdocumento aAA.VV.